[Event "BRA-ch U16 Girls"]
[Site "Sao Paulo"]
[Date "2012.04.28"]
[Round "1"]
[White "Aizawa, Nayelen Sayuri Ribe"]
[Black "Rodrigues, Fernanda dos Santos"]
[Result "0-1"]
[WhiteElo "1812"]
[BlackElo "1891"]
[PlyCount "52"]
[EventDate "2012.04.28"]
[EventType "swiss"]
[EventRounds "7"]
[EventCountry "BRA"]
[SourceTitle "CBM 148 Extra"]
[Source "ChessBase"]
[SourceDate "2012.06.22"]
[SourceVersion "1"]
[SourceVersionDate "2012.06.22"]
[SourceQuality "1"]

1. e4 e6 2. c4 d5 3. cxd5 exd5 4. e5 c5 5. Nf3 Nc6 6. Bb5 Nge7 7. d4 a6 8. Bxc6+ Nxc6 9. Be3 Bg4 10. Nc3 Bxf3 11. Qxf3 cxd4 12. Qxd5 dxc3 13. Qxd8+ Rxd8 14. Bf4 cxb2 15. Rb1 Bb4+ 16. Ke2 Nd4+ 17. Kd3 Ne6+ 18. Ke4 Rd4+ 19. Ke3 Bd2+ 20. Ke2 Nxf4+ 21. Kf3 0-0 22. Rxb2 Rd3+ 23. Kg4 h5+ 24. Kg5 g6 25. Rd1 Ne6+ 26. Kf6 Bg5# 0-1

[Event "BRA-ch (Women)"]
[Site "Sao Jose do Rio Preto"]
[Date "2012.03.25"]
[Round "6"]
[White "Aizawa, Nayelen Sayuri Ribe"]
[Black "Righini, Luisa"]
[Result "0-1"]
[WhiteElo "1812"]
[BlackElo "1909"]
[PlyCount "108"]
[EventDate "2012.03.22"]
[EventType "swiss"]
[EventRounds "7"]
[EventCountry "BRA"]
[SourceTitle "CBM 147 Extra"]
[Source "ChessBase"]
[SourceDate "2012.04.24"]
[SourceVersion "1"]
[SourceVersionDate "2012.04.24"]
[SourceQuality "1"]

1. e4 e5 2. Nf3 Nc6 3. d4 exd4 4. Nxd4 Nf6 5. Nxc6 bxc6 6. Bg5 Be7 7. Bxf6 Bxf6 8. c3 Qe7 9. Bd3 0-0 10. Qe2 Rb8 11. 0-0 d5 12. Re1 Re8 13. g3 dxe4 14. Qxe4 Qxe4 15. Rxe4 Rxe4 16. Bxe4 Rxb2 17. Na3 Bxc3 18. Re1 Bd4 19. Rd1 c5 20. Bc6 Bh3 21. Nb5 Bxf2+ 22. Kh1 Bd4 23. Nxd4 cxd4 24. Kg1 Rxa2 25. Re1 Be6 26. Bd5 Ra6 27. Bc4 Rd6 28. Rb1 Kf8 29. Rb8+ Ke7 30. Bb5 d3 31. Bxd3 Rxd3 32. Rb7 Kd8 33. Rxa7 g6 34. Ra5 h5 35. h4 Rxg3+ 36. Kf2 Rg4 37. Kf3 Rxh4 38. Ke2 Kd7 39. Kd2 Kd6 40. Kd3 c5 41. Ra6+ Kd5 42. Kc3 Rh3+ 43. Kd2 g5 44. Ra1 c4 45. Rg1 g4 46. Kc2 h4 47. Kd2 Rf3 48. Rh1 h3 49. Ke2 Ke4 50. Rf1 h2 51. Rxf3 gxf3+ 52. Kf2 h1Q 53. Kg3 Qg2+ 54. Kh4 Qg4# 0-1

[Event "BRA-ch (Women)"]
[Site "Sao Jose do Rio Preto"]
[Date "2012.03.23"]
[Round "2"]
[White "Ramillo, Vitoria Matheus"]
[Black "Aizawa, Nayelen Sayuri Ribe"]
[Result "1-0"]
[WhiteElo "1735"]
[BlackElo "1812"]
[PlyCount "21"]
[EventDate "2012.03.22"]
[EventType "swiss"]
[EventRounds "7"]
[EventCountry "BRA"]
[SourceTitle "CBM 147 Extra"]
[Source "ChessBase"]
[SourceDate "2012.04.24"]
[SourceVersion "1"]
[SourceVersionDate "2012.04.24"]
[SourceQuality "1"]

1. e4 e5 2. Nf3 Nc6 3. d4 exd4 4. Nxd4 Nxd4 5. Qxd4 Qe7 6. Nc3 c5 7. Qd3 Nf6 8. Bg5 g6 9. Nd5 Qxe4+ 10. Qxe4+ Nxe4 11. Nc7# 1-0